| 000 | 00427nam a2200169Ia 4500 | ||
|---|---|---|---|
| 003 | GCL | ||
| 008 | 140319s9999 xx 000 0 eng d | ||
| 040 |
_aGCL / _cGCL |
||
| 082 | 0 | 4 |
_a920.71 _bA J |
| 100 | 1 | _aANDERSON, CHESTER G. | |
| 245 | 1 | 0 |
_aJAMES JOYCE / _cANDERSON, CHESTER G. |
| 260 |
_a[S.N] : _bTHAMES AND HUDSON ، _c1967 |
||
| 300 | _a144 P | ||
| 650 | 0 | 4 | _aBIOGRAPHIES |
| 650 | 0 | 4 | _aJOYCE, JAMES |
| 942 |
_2ddc _cBK |
||
| 999 |
_c11684 _d11684 |
||